Poultry farming (Record no. 330414)

000 -LEADER
fixed length control field nam a22 7a 4500
003 - CONTROL NUMBER IDENTIFIER
control field ASAB
005 - DATE AND TIME OF LATEST TRANSACTION
control field 20170710134345.0
008 - FIXED-LENGTH DATA ELEMENTS--GENERAL INFORMATION
fixed length control field 170710b xxu||||| |||| 00| 0 eng d
020 ## - INTERNATIONAL STANDARD BOOK NUMBER
International Standard Book Number 969-417-080-X
040 ## - CATALOGING SOURCE
Transcribing agency ASAB
082 ## - DEWEY DECIMAL CLASSIFICATION NUMBER
Classification number 636.5
245 ## - TITLE STATEMENT
Title Poultry farming
Statement of responsibility, etc. Dr. Ahsan ul Haq, Dr. Masood Akhtar.
260 ## - PUBLICATION, DISTRIBUTION, ETC.
Place of publication, distribution, etc. Islamabad
Name of publisher, distributor, etc. Higher Education Comission
Date of publication, distribution, etc. 2004
300 ## - PHYSICAL DESCRIPTION
Extent 323 P
630 ## - SUBJECT ADDED ENTRY--UNIFORM TITLE
Uniform title poultry farming
9 (RLIN) 3201
942 ## - ADDED ENTRY ELEMENTS (KOHA)
Source of classification or shelving scheme
Koha item type Book
Holdings
Withdrawn status Lost status Source of classification or shelving scheme Damaged status Not for loan Collection code Permanent Location Current Location Date acquired Total Checkouts Full call number Barcode Date last seen Price effective from Koha item type
            Atta-ur-Rahman School of Applied Biosciences (ASAB) Atta-ur-Rahman School of Applied Biosciences (ASAB) 07/10/2017   636.5 HAQ ASAB3413 07/10/2017 07/10/2017 Book
            Atta-ur-Rahman School of Applied Biosciences (ASAB) Atta-ur-Rahman School of Applied Biosciences (ASAB) 07/10/2017   636.5 HAQ ASAB3414 07/10/2017 07/10/2017 Book
© 2023 Central Library, National University of Sciences and Technology. All Rights Reserved.